LEADER 00572nab a2200145 i 4500 001 000000273336 003 CaOOAMICUS 005 20100707000000.0 008 100707n xx uu u0 0und r 013 $a21571 040 $aSeMil$bita 245 10$aNuove forme di comunitą cristiana. - 24 p. - Titolo principale dalla prima pagina. 500 $a4 luglio 2010. 773 0 $t[2010 : Luglio-Dicembre].$dBologna : Centro Editoriale Dehoniano, 2010.$w()190843 996 $6245$aNuove forme di comunitą cristiana. - 24 p. - Titolo principale dalla prima pagina.$9(OLS)http://semarc/title/360667 LEADER 01644nam a2200337 i 4500 001 000000234202 003 CaOOAMICUS 005 20250827081859.0 008 141009s2009 it u000 u ita u 013 $a213105 020 $a978-88-7094-692-5 040 $aSeMil$bita 100 0 $aElise ,$c.$0(OLS)http://semarc/name/33315 245 10$aCommento a Giosuč e Giudici /$cEliseo l'Armeno ; testo critico (R. Pane) ; introduzione, commento e indici Riccardo Pane. 264 1$aBologna :$bEdizioni San Clemente :$bEdizioni Studio Domenicano,$c2009. 300 $a424 p. ;$c20 cm. 490 0 $aI talenti ;$v2 500 $aTesto originale in armeno e traduzione italiana a fronte. 650 4$aBibbia. Antico Testamento. Giosuč - Commentari, studi, critica, interpretazioni.$0(OLS)http://semarc/subject/4841 650 4$aBibbia. Antico testamento. Giudici - Commentari, studi, critica, interpretazioni.$0(OLS)http://semarc/subject/8800 700 1 $aPane, Riccardo,$d<1972- >.$0(OLS)http://semarc/name/56272 830 2$aI talenti ;$v2.$0(OLS)http://semarc/title/36107 850 $aSeMil 852 $aSeMil$W1$xVenegono$y1$m2NA M 2$j249562$B184548$CSeMilBibl$Z2$F196402 $81 900 0 $aEliseo : l'Armeno. 961 $aAcquisto: LI.CO.SA 996 $6020$a978-88-7094-692-5$9(OLS)http://semarc/number/238297 996 $6245$aCommento a Giosuč e Giudici$9(OLS)http://semarc/title/334319 996 $6264$aBologna :$bEdizioni San Clemente :$bEdizioni Studio Domenicano$9(OLS)http://semarc/publisher/60976